Регионална библиотека "Любен Каравелов" - Русе

Снежанка и други приказки (Запис номер 203328)

MARC детайли
000 -Лидер
Контролно поле с фиксирана дължина 01733nam a2200409 c 4500
003 - Код на организацията, давaща контролен номер
Контролно поле BLK
005 - Дата и час на последна редакция
Контролно поле 20250315005704.0
008 - Елементи от данни с фиксирана дължина
fixed length control field 180411b bul|||||r ||||||| ||bul||
010 ## - Наследен системен номер
LC control number KNG00212855000
020 ## - Международен стандартен номер на книга ISBN
Международен стандартен номер на книга ISBN 978-954-584-148-4
-- издат.: Бард
040 ## - Източник на каталожния запис
Идентификатор на билиотеката - собственик на записа BLK
041 ## - Код за език
Код за езика на текст/звукозапис или на отделно заглавие Български
Код за езика КДБФ Български
072 #7 - Код за тематичната категория
Код организация bullib
Код за тематична категория Н85
Текст Детска художествена литература Н
080 ## - УДК
Текстов определител УДК Немска литература
УДК код - определител по УДК 821.112.2
УДК определител -93-34
УДК - код + определител 821.112.2-93-34
100 1# - Редна дума - Автор
Автор Братя Грим
Авторска отговорност първи автор
R(LIN) 368076
139 ## - Редно поле
Редна дума Грим, Вилхелм и др.
Авторски знак Грим - Г 83
245 10 - Сведения за заглавието
Заглавие Снежанка и други приказки
Редно поле (дума) Братя Грим; * Вилхелм Грим; * Якоб Грим; състав. Нели Горанова.
257 ## - Страна на издаване
Страна на създаване/издаване Германия
260 ## - Област на издателските данни
-- София
Име на издателя, разпространителя и проч. Бард
Година на издаване 2010
300 ## - Физическа характеристика
Страници 96 с.
Размери/Мащаб 20 см
380 ## - Жанр
Жанр Детска худож. лит.
490 1# - СЕРИИ (Колекции)
Име на серия Класически детски приказки
500 ## - Общи забележки
Забележка Без сведение за ориг. загл. Съдържа: Железният Ханс, Снежанка, Верният Йоханес, Трите сестри, Гъсарката на кладенеца.
653 ## - Ключова дума – ненормативна
Ключова дума приказки
653 ## - Ключова дума – ненормативна
Ключова дума литература за деца
653 ## - Ключова дума – ненормативна
Ключова дума детска литература
659 ## - Тематичен бюлетин
Тематичен бюлетин Н
700 ## - Други автори (авторска отговорност)
Лично име Грим, Вилхелм
Дати, свързани с автора 1786 - 1859
9 (RLIN) 363315
700 ## - Други автори (авторска отговорност)
Лично име Грим, Якоб
Дати, свързани с автора 1785 - 1863
9 (RLIN) 363316
700 1# - Други автори (авторска отговорност)
Лично име Горанова, Нели
Автороска отговорност (Описва отношението между автора и произведението) състав.
9 (RLIN) 366367
852 ## - Местоположение
Форматна сигнатура Цб 287413
856 4# - Електронен адрес и достъп
Електронен формат pdf - файл
Път до файла /url/
856 4# - Електронен адрес и достъп
Електронен формат pdf - файл
Път до файла /url/
942 ## - АРТИКУЛИ
Вид на библиотечния материал Книги
Скрит в OPAC Не
Koha issues (borrowed), all copies 6
944 ## - СЪЗДАВАНЕ И РЕДАКЦИЯ на ЗАПИСА
Създаване/Редакция Създаване
Дата на регистрацията/редакция 03.10.2017
Статус, дата на статуса CRON CRON
Служител, извършил регистрацията/редакцията
944 ## - СЪЗДАВАНЕ И РЕДАКЦИЯ на ЗАПИСА
Създаване/Редакция Редакция
Дата на регистрацията/редакция 10.10.2017
Статус, дата на статуса ф /
Служител, извършил регистрацията/редакцията Людмила_Стоянова
999 ## - СИСТЕМНИ КОНТРОЛНИ НОМЕРА
Koha biblionumber 203328
Koha biblioitemnumber 203328
Наличности
Код за отписване Код за изгубен артикул Код за повреда Коз за рестрикции Код за отдаване Артикулен № Име на библиотеката - собственик Име на библиотеката, в която се намира в момента Статус (Текущо местоположение) Дата на вписване в системата Местоположение - отдел Цена в лева Инвентарен номер Систематично азбучна сигнатура Баркод Номер на екземпляра Цена в евро Служебна бележка Служебен тип на артикула Източник на класификационната схема
  Не е изгубен Не е повреден без рестрикции заемане за дома 351189 Регионална библиотека "Любен Каравелов" Русе Регионална библиотека "Любен Каравелов" Русе Детски отдел 2017-10-06 Детски отдел 3.99 120000815609 ДХ 820/899/Г 83 120000815609 1 2.04 Дост: DA Вид: А N: 38 Дата: 06.10.2017 Книги  
  Не е изгубен Не е повреден без рестрикции заемане за дома 351190 Регионална библиотека "Любен Каравелов" Русе Регионална библиотека "Любен Каравелов" Русе Детски отдел 2017-10-06 Детски отдел 3.99 120000815610 ДХ 820/899/Г 83 120000815610 2 2.04 Дост: DA Вид: А N: 38 Дата: 06.10.2017 Книги Universal Decimal Classification
  Не е изгубен Не е повреден   заемане за дома 727914 Регионална библиотека "Любен Каравелов" Русе Регионална библиотека "Любен Каравелов" Русе Детски отдел 2019-07-04 Детски отдел 3.99 120000832987 ДХ 820/899/Г 83 120000832987   2.04   Книги Universal Decimal Classification
Vip Innovations Ltd, Rousse, Bulgaria 2025